| 000 | 00386pab a2200145 454500 | ||
|---|---|---|---|
| 008 | 180718b1987 xxu||||| |||| 00| 0 eng d | ||
| 100 | _aPetchey, Roland | ||
| 245 |
_aHealth maintenance organisations _bJust what the doctor ordered ? |
||
| 260 | _c1987 | ||
| 300 | _a489-507 | ||
| 362 | _aOct. | ||
| 650 | _aHealth Centres - U.S.A. | ||
| 773 | _aJournal of Social Policy | ||
| 909 | _a9616 | ||
| 999 |
_c9616 _d9616 |
||